Jaettuja valtioiden muotoja #2 - Statistics

Yleistilastot
  • Tätä visaa on pelattu 419 kertaa
  • Keskiarvotulos 8 / 15
Vastaustilastot
Valtion nimi % Oikein
Kanada
92%
Intia
87%
Kiina
71%
Kongon demokraattinen tasavalta
60%
Papua-Uusi-Guinea
57%
Vatikaanivaltio
57%
Jordania
54%
Venezuela
54%
Panama
47%
Ukraina
47%
Nicaragua
46%
Syyria
45%
Trinidad ja Tobago
30%
Gabon
28%
Liberia
24%
Ehtoja vastaavia visoja ei löytynyt
Tulosjakauma
Jokaisen tuloksen saaneiden osuus
Persentiili vastausten määrän mukaan
Tuloshistoriasi
Et ole pelannut tätä visaa